| 000 | 01612nab a2200289 a 4500 | ||
|---|---|---|---|
| 005 | 20210219163217.0 | ||
| 008 | 991125s1985 mx 000 0 spa u | ||
| 035 | _aUPN01000218596 | ||
| 049 | _aART | ||
| 100 | 1 | _aMartínez Serrano, Ayesa | |
| 100 | 1 | _uayetsa.martinez@gmail.com | |
| 100 | 1 | _aBollo Manent, Manuel | |
| 100 | 1 | _umbollo@ciga.unam.mx | |
| 222 | 0 | _aECONOMIA, SOCIEDAD Y TERRITORIO | |
| 245 | 0 | 0 | _aAplicación del enfoque geoecológico para la interpretación espacial de los niveles de urbanización |
| 260 | _aToluca, México | ||
| 300 | _a115-144 | ||
| 362 | 0 | _a2017 Volumen 17, número 53, enero-abril | |
| 520 | 3 | _aLa comprensión geoecológica del espacio en la interacción naturaleza-sociedad demanda el desarrollo teórico del enfoque sistémico, la modelación, la automatización y el manejo de las geotecnologías. La interrelación entre los paisajes naturales y los elementos antropogénicos originan unidades geoecológicas en un espacio geográfico. El análisis delimita 30 unidades de paisajes físico-geográficos, a partir de los componentes naturales y del modelo sombreado del terreno. Posteriormente, mediante procedimiento matricial por superposición con la tipología del uso del suelo y la cobertura, fueron obtenidas y caracterizadas 247 unidades geoecológicas para la descripción del espacio urbano, periurbano y rural | |
| 653 | 0 | _aGEOECOLOGIA | |
| 653 | 0 | _aGEOTECNOLOGIAS | |
| 653 | 0 | _aESPACIO URBANO | |
| 653 | 0 | _aUSO DE SUELO | |
| 653 | 0 | _aESPACIO RURAL | |
| 856 | 4 | _uhttp://www.redalyc.org/articulo.oa?id=11149081006 | |
| 905 | _aArticulo | ||
| 999 |
_c190696 _d190696 |
||